[Event "SVK-chT2B 2324"]
[Site "Slovakia"]
[Date "2024.03.17"]
[Round "11.2"]
[White "Kalisky, Vladimir"]
[Black "Gaspar, Michal"]
[Result "0-1"]
[WhiteElo "2175"]
[BlackElo "1798"]
[PlyCount "110"]
[EventDate "2023.10.07"]
[EventType "team-tourn"]
[EventRounds "11"]
[EventCountry "SVK"]
[SourceTitle "EXT 2025"]
[Source "ChessBase"]
[SourceDate "2024.10.14"]
[SourceVersion "1"]
[SourceVersionDate "2024.10.14"]
[SourceQuality "1"]
[WhiteTeam "Tlmace"]
[BlackTeam "Prievidza II"]
[WhiteTeamCountry "SVK"]
[BlackTeamCountry "SVK"]

1. e4 e5 2. Nf3 Nc6 3. Bb5 a6 4. Ba4 Nf6 5. 0-0 Be7 6. Re1 b5 7. Bb3 d6 8. c3 Na5 9. Bc2 c5 10. d4 Qc7 11. a4 Bb7 12. d5 0-0 13. Nbd2 Rac8 14. axb5 axb5 15. b3 Qb6 16. Nf1 b4 17. Bd2 bxc3 18. Bxc3 Ra8 19. Qd2 Bd8 20. Ra3 c4 21. Bxa5 Rxa5 22. Rxa5 Qxa5 23. bxc4 Qc5 24. Ne3 Ba5 25. Qd1 Bxe1 26. Nxe1 Ba6 27. Bd3 Rb8 28. h3 h6 29. Nf3 Qb4 30. Nf5 Kf8 31. Ne3 g6 32. Qa1 Bc8 33. Ne1 Nd7 34. Bc2 Nc5 35. Nd3 Nxd3 36. Bxd3 Qb6 37. Kh2 Bd7 38. Kg1 Rc8 39. Bc2 Rc5 40. Kh2 Ra5 41. Qc1 Qc5 42. Qb2 Kg7 43. Qb8 Bc8 44. Qb1 Ba6 45. Bd3 Ra3 46. Bf1 Qa5 47. Qb8 Qc5 48. Qd8 Bc8 49. Be2 Ra2 50. Bg4 Ba6 51. Bf3 Bc8 52. Bg4 Rxf2 53. Nd1 Rf1 54. Qxc8 Qxc8 55. Bxc8 Rxd1 0-1

[Event "SVK-chT2B 2324"]
[Site "Slovakia"]
[Date "2023.12.03"]
[Round "6.4"]
[White "Gaspar, Michal"]
[Black "Kulich, Filip"]
[Result "1/2-1/2"]
[WhiteElo "1798"]
[BlackElo "2032"]
[PlyCount "58"]
[EventDate "2023.10.07"]
[EventType "team-tourn"]
[EventRounds "11"]
[EventCountry "SVK"]
[SourceTitle "EXT 2025"]
[Source "ChessBase"]
[SourceDate "2024.10.14"]
[SourceVersion "1"]
[SourceVersionDate "2024.10.14"]
[SourceQuality "1"]
[WhiteTeam "Prievidza II"]
[BlackTeam "Povazske Podhradie"]
[WhiteTeamCountry "SVK"]
[BlackTeamCountry "SVK"]

1. e4 c5 2. Nf3 e6 3. d4 cxd4 4. Nxd4 Nf6 5. Nc3 Nc6 6. Nxc6 bxc6 7. Bd3 d5 8. exd5 exd5 9. 0-0 Be7 10. Ne2 0-0 11. c3 Re8 12. Qc2 c5 13. Bf4 Bd6 14. Bxd6 Qxd6 15. Ng3 Bb7 16. Rfe1 Qf4 17. Rad1 h5 18. Qc1 Qxc1 19. Rxc1 Bc6 20. f3 Rab8 21. Rxe8+ Nxe8 22. b3 g6 23. Kf2 a5 24. Ne2 a4 25. Rb1 axb3 26. axb3 Nd6 27. b4 cxb4 28. Rxb4 Rb7 29. Rxb7 Bxb7 1/2-1/2

[Event "SVK-chT3B2 2324"]
[Site "Slovakia"]
[Date "2023.11.19"]
[Round "4.2"]
[White "Gaspar, Michal"]
[Black "Adamik, Bohuslav"]
[Result "0-1"]
[WhiteElo "1782"]
[BlackElo "1826"]
[PlyCount "78"]
[EventDate "2023.10.15"]
[EventType "team-tourn"]
[EventRounds "11"]
[EventCountry "SVK"]
[SourceTitle "EXT 2025"]
[Source "ChessBase"]
[SourceDate "2024.10.14"]
[SourceVersion "1"]
[SourceVersionDate "2024.10.14"]
[SourceQuality "1"]
[WhiteTeam "Prievidza III"]
[BlackTeam "Lehota pod Vtacnikom"]
[WhiteTeamCountry "SVK"]
[BlackTeamCountry "SVK"]

1. e4 c6 2. d4 d5 3. exd5 cxd5 4. c3 Nf6 5. Nf3 g6 6. Bb5+ Bd7 7. Qb3 Qb6 8. Bxd7+ Nbxd7 9. Qxb6 Nxb6 10. Bf4 Bg7 11. Nbd2 0-0 12. 0-0 Rac8 13. a4 Nh5 14. Be3 Nc4 15. Nxc4 Rxc4 16. Nd2 Rc6 17. a5 a6 18. Nb3 b5 19. Rfd1 Nf6 20. Nc5 Rd8 21. Rac1 Nd7 22. b4 Nxc5 23. dxc5 e5 24. c4 bxc4 25. Rxc4 d4 26. f3 Rb8 27. Bd2 f5 28. Kf2 Kf7 29. Ke2 Ke6 30. Be1 Kd5 31. Rdc1 Bh6 32. Bd2 Bxd2 33. Kxd2 e4 34. Ke2 Re8 35. f4 h6 36. Kf2 g5 37. g3 gxf4 38. gxf4 Rg8 39. R4c2 Rcg6 0-1

[Event "SVK-chT3B2 2324"]
[Site "Slovakia"]
[Date "2023.10.15"]
[Round "1.1"]
[White "Orgon, Dusan"]
[Black "Gaspar, Michal"]
[Result "1-0"]
[WhiteElo "1988"]
[BlackElo "1782"]
[PlyCount "55"]
[EventDate "2023.10.15"]
[EventType "team-tourn"]
[EventRounds "11"]
[EventCountry "SVK"]
[SourceTitle "EXT 2025"]
[Source "ChessBase"]
[SourceDate "2024.10.14"]
[SourceVersion "1"]
[SourceVersionDate "2024.10.14"]
[SourceQuality "1"]
[WhiteTeam "Dubnica nad Vahom V"]
[BlackTeam "Prievidza III"]
[WhiteTeamCountry "SVK"]
[BlackTeamCountry "SVK"]

1. e4 e5 2. d4 exd4 3. Qxd4 Nc6 4. Qe3 d6 5. Nc3 Nf6 6. Bd2 Be7 7. 0-0-0 0-0 8. f3 Bd7 9. g4 Ne8 10. g5 f5 11. Bc4+ Kh8 12. h4 Ne5 13. Be2 Be6 14. f4 Nc4 15. Bxc4 Bxc4 16. h5 Qd7 17. h6 Bd8 18. Nf3 c6 19. Nh4 Be6 20. Ng6+ hxg6 21. hxg7+ Kxg7 22. Qh3 Kf7 23. Qh7+ Ng7 24. Rh6 Ke8 25. Rxg6 Rg8 26. exf5 Nxf5 27. Rxg8+ Bxg8 28. Qxg8+ 1-0

[Event "SVK-chT3B2 2223"]
[Site "Slovakia"]
[Date "2022.12.04"]
[Round "3.1"]
[White "Srvatka, Igor"]
[Black "Gaspar, Michal"]
[Result "1/2-1/2"]
[WhiteElo "2130"]
[BlackElo "1810"]
[PlyCount "86"]
[EventDate "2022.10.23"]
[EventType "team-tourn"]
[EventRounds "11"]
[EventCountry "SVK"]
[SourceTitle "EXT 2024"]
[Source "ChessBase"]
[SourceDate "2023.10.10"]
[SourceVersion "1"]
[SourceVersionDate "2023.10.10"]
[SourceQuality "1"]
[WhiteTeam "Trencin PK"]
[BlackTeam "Prievidza II"]
[WhiteTeamCountry "SVK"]
[BlackTeamCountry "SVK"]

1. e4 e5 2. Nf3 Nc6 3. Bc4 Bc5 4. c3 Nf6 5. d3 d6 6. b4 Bb6 7. a4 a6 8. Qb3 0-0 9. Bg5 Qe7 10. Nbd2 h6 11. Bh4 Be6 12. 0-0 a5 13. b5 Nd8 14. Rfe1 g5 15. Bg3 Nh5 16. Rad1 Nxg3 17. hxg3 Ba7 18. Nf1 Bxc4 19. Qxc4 Rc8 20. d4 exd4 21. Nxd4 Bxd4 22. cxd4 Qe6 23. d5 Qe5 24. b6 c5 25. Ne3 f6 26. Ng4 Qe7 27. Nxh6+ Kh7 28. Nf5 Qd7 29. f4 Nf7 30. Kf2 Kg6 31. Rb1 Nh6 32. Nxh6 Kxh6 33. Rh1+ Kg7 34. Qb5 Qxb5 35. Rxb5 Ra8 36. Kf3 Rf7 37. Ke3 Kg6 38. Rh3 Re7 39. Kf3 g4+ 40. Kxg4 Rxe4 41. Rb1 f5+ 42. Kf3 Rxa4 43. Rbh1 Ra3+ 1/2-1/2

[Event "SVK-chT2B 2223"]
[Site "Slovakia"]
[Date "2022.11.13"]
[Round "4.5"]
[White "Kutny, Marian"]
[Black "Gaspar, Michal"]
[Result "1/2-1/2"]
[WhiteElo "1974"]
[BlackElo "1814"]
[PlyCount "45"]
[EventDate "2022.10.08"]
[EventType "team-tourn"]
[EventRounds "11"]
[EventCountry "SVK"]
[SourceTitle "EXT 2024"]
[Source "ChessBase"]
[SourceDate "2023.10.10"]
[SourceVersion "1"]
[SourceVersionDate "2023.10.10"]
[SourceQuality "1"]
[WhiteTeam "Belusa"]
[BlackTeam "Prievidza"]
[WhiteTeamCountry "SVK"]
[BlackTeamCountry "SVK"]

1. d4 Nf6 2. c4 d6 3. Nc3 e5 4. d5 Be7 5. e4 0-0 6. Bd3 Nbd7 7. Nge2 Nc5 8. Bc2 a5 9. 0-0 b6 10. h3 Ne8 11. f4 exf4 12. Bxf4 Bg5 13. Qd2 Bxf4 14. Qxf4 Nd7 15. Nd4 Ne5 16. b3 Bd7 17. Nf3 Qe7 18. Nxe5 Qxe5 19. Qxe5 dxe5 20. a4 Nd6 21. Nb5 Bxb5 22. cxb5 Nb7 23. Rad1 1/2-1/2

[Event "SVK-chT2B 2223"]
[Site "Slovakia"]
[Date "2022.11.12"]
[Round "3.5"]
[White "Gaspar, Michal"]
[Black "Kostelansky, Karol"]
[Result "0-1"]
[WhiteElo "1814"]
[BlackElo "1774"]
[PlyCount "85"]
[EventDate "2022.10.08"]
[EventType "team-tourn"]
[EventRounds "11"]
[EventCountry "SVK"]
[SourceTitle "EXT 2024"]
[Source "ChessBase"]
[SourceDate "2023.10.10"]
[SourceVersion "1"]
[SourceVersionDate "2023.10.10"]
[SourceQuality "1"]
[WhiteTeam "Prievidza"]
[BlackTeam "Povazske Podhradie"]
[WhiteTeamCountry "SVK"]
[BlackTeamCountry "SVK"]

1. e4 d5 2. exd5 Nf6 3. Nc3 Nxd5 4. Nxd5 Qxd5 5. d4 Nc6 6. c3 Bf5 7. Nf3 0-0-0 8. Be2 f6 9. 0-0 g5 10. Be3 e6 11. Qa4 h5 12. Bb5 Nb8 13. Nd2 a6 14. Be2 g4 15. Qb3 Qd7 16. Nc4 Nc6 17. Bf4 Bh6 18. Bxh6 Rxh6 19. Rad1 h4 20. Ne3 g3 21. Nxf5 gxh2+ 22. Kh1 exf5 23. Bf3 f4 24. Rfe1 f5 25. Qc4 h3 26. gxh3 Rxh3 27. Bxc6 Qxc6+ 28. Qxc6 bxc6 29. Kg2 Rdh8 30. Kh1 Rg8 31. Rd2 f3 32. d5 c5 33. c4 Kd7 34. Rd3 Rg4 35. b3 a5 36. a4 Rg2 37. Rf1 Kd6 38. Re3 f4 39. Re6+ Kd7 40. Rc6 Rh7 41. Rxc5 Rhg7 42. d6 Rg1+ 43. Rxg1 0-1

[Event "SVK-chT3B2 2223"]
[Site "Slovakia"]
[Date "2022.11.06"]
[Round "2.2"]
[White "Orgon, Patrik"]
[Black "Gaspar, Michal"]
[Result "1/2-1/2"]
[WhiteElo "1766"]
[BlackElo "1810"]
[PlyCount "115"]
[EventDate "2022.10.23"]
[EventType "team-tourn"]
[EventRounds "11"]
[EventCountry "SVK"]
[SourceTitle "EXT 2024"]
[Source "ChessBase"]
[SourceDate "2023.10.10"]
[SourceVersion "1"]
[SourceVersionDate "2023.10.10"]
[SourceQuality "1"]
[WhiteTeam "Dubnica nad Vahom V"]
[BlackTeam "Prievidza II"]
[WhiteTeamCountry "SVK"]
[BlackTeamCountry "SVK"]

1. d4 Nf6 2. Nf3 d5 3. e3 e6 4. Bd3 c5 5. b3 Nc6 6. 0-0 Be7 7. Bb2 0-0 8. Nbd2 Bd7 9. Ne5 cxd4 10. exd4 Rc8 11. a3 Nxe5 12. dxe5 Ne8 13. Nf3 g6 14. Qd2 Ng7 15. Rad1 Qb6 16. Bd4 Qd8 17. a4 a6 18. a5 Nf5 19. Bxf5 exf5 20. Bb6 Qe8 21. Qxd5 Bc6 22. Qd2 Bxf3 23. gxf3 Qc6 24. Qe2 Bc5 25. Bxc5 Qxc5 26. Rd7 Qc6 27. Rfd1 Qxc2 28. Qxc2 Rxc2 29. b4 Rfc8 30. Rxb7 R8c7 31. Rxc7 Rxc7 32. Rd6 Rc1+ 33. Kg2 Rb1 34. Rxa6 Rxb4 35. Ra8+ Kg7 36. a6 Ra4 37. a7 Kh6 38. h4 Ra1 39. f4 Ra3 40. f3 Ra2+ 41. Kf1 Kg7 42. Ke1 Kh6 43. Kd1 Kg7 44. Kc1 Kh6 45. Kb1 Ra6 46. Kc2 Kg7 47. Kb3 Ra1 48. Kc4 Ra5 49. Kb4 Ra1 50. Kb5 Ra2 51. Kc6 Ra1 52. Kd7 Rd1+ 53. Ke7 Ra1 54. e6 fxe6 55. Kxe6 Re1+ 56. Kd6 Rd1+ 57. Ke6 Re1+ 58. Kd6 1/2-1/2

[Event "SVK-chT3B2 2122"]
[Site "Slovakia"]
[Date "2022.05.22"]
[Round "11.2"]
[White "Gaspar, Michal"]
[Black "Gunis, Juraj"]
[Result "0-1"]
[WhiteElo "1815"]
[BlackElo "1970"]
[PlyCount "64"]
[EventDate "2021.10.24"]
[EventType "team-tourn"]
[EventRounds "11"]
[EventCountry "SVK"]
[SourceTitle "EXT 2024"]
[Source "ChessBase"]
[SourceDate "2023.10.10"]
[SourceVersion "1"]
[SourceVersionDate "2023.10.10"]
[SourceQuality "1"]
[WhiteTeam "Bojnice"]
[BlackTeam "Chynorany"]
[WhiteTeamCountry "SVK"]
[BlackTeamCountry "SVK"]

1. e4 c5 2. Nf3 d6 3. d4 cxd4 4. Nxd4 Nf6 5. Nc3 a6 6. Be2 e5 7. Nb3 Be6 8. f3 Be7 9. Be3 Nbd7 10. Qd2 Nc5 11. 0-0 b6 12. Rfd1 0-0 13. Bg5 Ncd7 14. Be3 h6 15. Qe1 Qc7 16. Rac1 Qb7 17. Qd2 Nc5 18. g4 Rad8 19. g5 hxg5 20. Bxg5 d5 21. Bxf6 dxe4 22. Qe3 Bxf6 23. Nxe4 Nxe4 24. Qxe4 Bd5 25. Qe3 e4 26. fxe4 Bxe4 27. c3 Rde8 28. Qf2 Bg5 29. Nd2 Bc6 30. Nc4 Bxc1 31. Rxc1 Re6 32. Rd1 Rg6+ 0-1

[Event "SVK-chT3B2 2122"]
[Site "Slovakia"]
[Date "2022.02.13"]
[Round "4.2"]
[White "Adamik, Bohuslav"]
[Black "Gaspar, Michal"]
[Result "1/2-1/2"]
[WhiteElo "1841"]
[BlackElo "1815"]
[PlyCount "118"]
[EventDate "2021.10.24"]
[EventType "team-tourn"]
[EventRounds "11"]
[EventCountry "SVK"]
[SourceTitle "EXT 2023"]
[Source "ChessBase"]
[SourceDate "2022.10.05"]
[SourceVersion "1"]
[SourceVersionDate "2022.10.05"]
[SourceQuality "1"]
[WhiteTeam "Lehota pod Vtacnikom"]
[BlackTeam "Bojnice"]
[WhiteTeamCountry "SVK"]
[BlackTeamCountry "SVK"]

1. d4 Nf6 2. Nf3 d5 3. g3 e6 4. Bg2 c5 5. e3 Nc6 6. 0-0 Be7 7. Nbd2 b6 8. b3 cxd4 9. Nxd4 Nxd4 10. exd4 0-0 11. Bb2 Ba6 12. Re1 Rc8 13. Rc1 b5 14. a3 Qb6 15. b4 Bb7 16. Nb3 Ne8 17. Nc5 Bc6 18. Bh3 Kh8 19. f4 Bf6 20. c3 Nd6 21. Rc2 Nc4 22. Bc1 g6 23. g4 Rfe8 24. Qf3 Bg7 25. Rce2 Kg8 26. Bf1 a5 27. h4 axb4 28. axb4 Nd6 29. Bh3 Ne4 30. g5 Ra8 31. Bg4 Ra1 32. Qh3 Qc7 33. h5 Qd6 34. h6 Bf8 35. Qe3 f5 36. Bf3 Rea8 37. Nb3 R1a7 38. Qd3 Be7 39. Bg2 Kf7 40. Na5 Bd8 41. Nb3 Qb8 42. Rb2 Bc7 43. Bxe4 fxe4 44. Qg3 Ra2 45. Rxa2 Rxa2 46. Nc5 Ra1 47. Qg4 Qc8 48. Bd2 Rxe1+ 49. Bxe1 Ke7 50. Kf2 Bd7 51. Bd2 Qa8 52. Qe2 Bc6 53. Qg4 Qc8 54. Kg3 Bd6 55. Be3 Bd7 56. Qe2 Be8 57. Qa2 Qc7 58. Qa6 Bd7 59. Qa8 Bc8 1/2-1/2

[Event "SVK-chT3B2 1920"]
[Site "Slovakia"]
[Date "2020.01.19"]
[Round "6.3"]
[White "Sosovickova, Jana"]
[Black "Gaspar, Michal"]
[Result "1/2-1/2"]
[WhiteElo "1716"]
[BlackElo "1824"]
[PlyCount "39"]
[EventDate "2019.10.06"]
[EventType "team-tourn"]
[EventRounds "11"]
[EventCountry "SVK"]
[SourceTitle "CBM 195 Extra"]
[Source "ChessBase"]
[SourceDate "2020.05.31"]
[SourceVersion "1"]
[SourceVersionDate "2020.05.31"]
[SourceQuality "1"]
[WhiteTeam "Dubnica nad Vahom IV"]
[BlackTeam "Nemsova Horne Srnie"]
[WhiteTeamCountry "SVK"]
[BlackTeamCountry "SVK"]

1. d4 Nf6 2. e3 d5 3. c3 e6 4. Bd3 Be7 5. f4 0-0 6. Nf3 c5 7. 0-0 Nc6 8. Bd2 Bd7 9. Be1 Rc8 10. Nbd2 g6 11. Ne5 Ne8 12. Ndf3 Ng7 13. Nxc6 Bxc6 14. Ne5 Qb6 15. Rb1 Rcd8 16. Nf3 Bb5 17. Bh4 Bxh4 18. Nxh4 Bxd3 19. Qxd3 Qc7 20. Qd2 1/2-1/2

[Event "SVK-chT3B2 1920"]
[Site "Slovakia"]
[Date "2019.10.06"]
[Round "1.4"]
[White "Huserka, Frantisek"]
[Black "Gaspar, Michal"]
[Result "1/2-1/2"]
[WhiteElo "1429"]
[BlackElo "1824"]
[PlyCount "88"]
[EventDate "2019.10.06"]
[EventType "team-tourn"]
[EventRounds "11"]
[EventCountry "SVK"]
[SourceTitle "CBM 193 Extra"]
[Source "ChessBase"]
[SourceDate "2020.01.31"]
[SourceVersion "1"]
[SourceVersionDate "2020.01.31"]
[SourceQuality "1"]
[WhiteTeam "Nemsova Horne Srnie II"]
[BlackTeam "Nemsova Horne Srnie"]
[WhiteTeamCountry "SVK"]
[BlackTeamCountry "SVK"]

1. e4 e6 2. Nf3 d5 3. e5 c5 4. d4 Nc6 5. Bb5 Bd7 6. Be2 Qb6 7. c3 cxd4 8. cxd4 Bb4+ 9. Nc3 Nge7 10. 0-0 Nf5 11. a3 Be7 12. Na4 Qc7 13. g4 Nh4 14. Nxh4 Bxh4 15. Nc5 Be7 16. Nxd7 Qxd7 17. Be3 0-0 18. Rc1 Rac8 19. Bb5 a6 20. Bxc6 Rxc6 21. Qa4 Rfc8 22. Kg2 R8c7 23. Rxc6 Qxc6 24. Qxc6 Rxc6 25. Rc1 Rc4 26. b3 Rxc1 27. Bxc1 f6 28. f4 Kf7 29. a4 Bb4 30. Kf3 g6 31. Be3 f5 32. gxf5 gxf5 33. Kg3 Kg6 34. Bf2 Bd2 35. Kf3 Kh5 36. Bg3 Bc3 37. Bf2 h6 38. Kg3 Kg6 39. Kf3 Kh5 40. Kg3 Bb4 41. Kf3 Be7 42. Be1 Bd8 43. Bf2 Bh4 44. Bg3 Bd8 1/2-1/2

[Event "SVK-chT3B2 1819"]
[Site "Slovakia"]
[Date "2019.03.10"]
[Round "9.1"]
[White "Kijac, Miroslav"]
[Black "Gaspar, Michal"]
[Result "1-0"]
[WhiteElo "2082"]
[BlackElo "1867"]
[PlyCount "52"]
[EventDate "2018.10.21"]
[EventType "team-tourn"]
[EventRounds "11"]
[EventCountry "SVK"]
[SourceTitle "CBM 189 Extra"]
[Source "ChessBase"]
[SourceDate "2019.05.31"]
[SourceVersion "1"]
[SourceVersionDate "2019.05.31"]
[SourceQuality "1"]
[WhiteTeam "Trencin "]
[BlackTeam "Bojnice"]
[WhiteTeamCountry "SVK"]
[BlackTeamCountry "SVK"]

1. d4 Nf6 2. c4 e6 3. Nf3 Bb4+ 4. Bd2 Bxd2+ 5. Qxd2 d5 6. Nc3 0-0 7. e3 c6 8. Bd3 Nbd7 9. 0-0 Qc7 10. e4 dxe4 11. Nxe4 Nxe4 12. Bxe4 Nf6 13. Bc2 Bd7 14. Rfd1 Rad8 15. Qe3 b6 16. b4 b5 17. Bb3 Qb6 18. Rab1 Bc8 19. Ne5 bxc4 20. Bxc4 Nd5 21. Qa3 Nc7 22. Qb2 Nb5 23. a4 Nc7 24. Be2 Nd5 25. Rdc1 Ne7 26. Rc4 f6 1-0

[Event "SVK-chT2B 1819"]
[Site "Slovakia"]
[Date "2019.02.03"]
[Round "7.5"]
[White "Gaspar, Michal"]
[Black "Urbanic, Martin"]
[Result "0-1"]
[WhiteElo "1855"]
[BlackElo "2006"]
[PlyCount "86"]
[EventDate "2018.10.13"]
[EventType "team-tourn"]
[EventRounds "11"]
[EventCountry "SVK"]
[SourceTitle "CBM 189 Extra"]
[Source "ChessBase"]
[SourceDate "2019.05.31"]
[SourceVersion "1"]
[SourceVersionDate "2019.05.31"]
[SourceQuality "1"]
[WhiteTeam "Nemsova Horne Srnie"]
[BlackTeam "Povazska Bystrica"]
[WhiteTeamCountry "SVK"]
[BlackTeamCountry "SVK"]

1. e4 e5 2. Nf3 Nc6 3. Bb5 f5 4. d4 fxe4 5. Bxc6 dxc6 6. Nxe5 Nf6 7. Bg5 c5 8. c3 Be6 9. Nd2 Qd5 10. Qa4+ c6 11. 0-0 Bd6 12. Qc4 0-0 13. Qxd5 cxd5 14. f3 cxd4 15. cxd4 exf3 16. Nexf3 Ne4 17. Nxe4 dxe4 18. Nd2 Bd5 19. a3 h6 20. Be3 Rac8 21. Rfc1 Kf7 22. Rc3 Ke6 23. Rac1 Rxc3 24. Rxc3 b5 25. Rc1 a5 26. Nb1 Bc4 27. Nd2 Kd5 28. Nxc4 bxc4 29. Rf1 Rxf1+ 30. Kxf1 Bxh2 31. Ke2 Bc7 32. a4 g5 33. Kd2 Bf4 34. g4 Bd6 35. Kc2 Bb4 36. Bf2 e3 37. Bxe3 Ke4 38. Bg1 Kf3 39. Bh2 Kxg4 40. d5 Kf5 41. b3 c3 42. Kd3 h5 43. Bc7 h4 0-1

[Event "SVK-chT3B2 1819"]
[Site "Slovakia"]
[Date "2018.12.09"]
[Round "4.1"]
[White "Gaspar, Michal"]
[Black "Obona, Jan"]
[Result "0-1"]
[WhiteElo "1867"]
[BlackElo "2212"]
[PlyCount "50"]
[EventDate "2018.10.21"]
[EventType "team-tourn"]
[EventRounds "11"]
[EventCountry "SVK"]
[SourceTitle "CBM 189 Extra"]
[Source "ChessBase"]
[SourceDate "2019.05.31"]
[SourceVersion "1"]
[SourceVersionDate "2019.05.31"]
[SourceQuality "1"]
[WhiteTeam "Bojnice"]
[BlackTeam "Povazska Bystrica Sparta"]
[WhiteTeamCountry "SVK"]
[BlackTeamCountry "SVK"]

1. e4 c5 2. Nf3 d6 3. d4 cxd4 4. Nxd4 Nf6 5. Nc3 a6 6. Be2 e6 7. Be3 Be7 8. Qd2 0-0 9. 0-0 Qc7 10. Rad1 b5 11. a3 Bb7 12. f3 Rd8 13. Kh1 Nc6 14. Nxc6 Bxc6 15. Bf4 Qb7 16. Qc1 b4 17. axb4 Qxb4 18. Nb1 d5 19. exd5 Nxd5 20. Bd2 Qh4 21. Be1 Qh5 22. Bg3 Bg5 23. f4 Qxe2 24. Rf2 Qxd1+ 25. Qxd1 Ne3 0-1

[Event "SVK-chT3B2 1718"]
[Site "Slovakia"]
[Date "2018.03.04"]
[Round "10.1"]
[White "Gaspar, Michal"]
[Black "Kutny, Marian"]
[Result "1/2-1/2"]
[WhiteElo "1902"]
[BlackElo "1924"]
[PlyCount "126"]
[EventDate "2017.10.08"]
[EventType "team-tourn"]
[EventRounds "11"]
[EventCountry "SVK"]
[SourceTitle "EXT 2020"]
[Source "ChessBase"]
[SourceDate "2019.10.17"]
[SourceVersion "1"]
[SourceVersionDate "2019.10.17"]
[SourceQuality "1"]
[WhiteTeam "Bojnice"]
[BlackTeam "Belusa"]
[WhiteTeamCountry "SVK"]
[BlackTeamCountry "SVK"]

1. e4 e5 2. Nf3 Nf6 3. Nxe5 d6 4. Nf3 Nxe4 5. d3 Nf6 6. Bg5 Be7 7. Nc3 h6 8. Bh4 Bg4 9. Be2 Nc6 10. Qd2 Qd7 11. 0-0-0 0-0-0 12. h3 Be6 13. Kb1 g5 14. Bg3 Nd5 15. Nxd5 Bxd5 16. Ne1 f5 17. f4 Nd4 18. Bf3 Nxf3 19. Nxf3 Bxf3 20. gxf3 Bf6 21. fxg5 hxg5 22. f4 g4 23. hxg4 fxg4 24. Qf2 Kb8 25. Bh4 Bxh4 26. Rxh4 Rxh4 27. Qxh4 Rg8 28. Rg1 Qf5 29. Qg3 a6 30. a3 Qh5 31. Kc1 Kc8 32. Rg2 Qh1+ 33. Rg1 Qd5 34. Kd2 Kb8 35. Rf1 Qf5 36. Qe3 g3 37. Qf3 g2 38. Rg1 Qg6 39. f5 Qh6+ 40. Kd1 Qh2 41. Qf2 Qh5+ 42. Kd2 Qg5+ 43. Kd1 Qg4+ 44. Kd2 Rg5 45. f6 Rf5 46. Qxg2 Qf4+ 47. Kd1 Rxf6 48. Qg3 Qd4 49. Kc1 Rf2 50. Kb1 Qc5 51. Rc1 Qf5 52. Qg8+ Qf8 53. Qxf8+ Rxf8 54. Re1 Rf7 55. b3 b6 56. Re2 Kb7 57. Kb2 Kc6 58. Rh2 Rf6 59. Rg2 a5 60. Rg7 b5 61. Rh7 Kb6 62. Rh4 c5 63. a4 b4 1/2-1/2

[Event "SVK-chT3B2 1718"]
[Site "Slovakia"]
[Date "2017.12.17"]
[Round "6.1"]
[White "Gaspar, Michal"]
[Black "Reisel, Frantisek"]
[Result "1/2-1/2"]
[WhiteElo "1902"]
[BlackElo "1967"]
[PlyCount "43"]
[EventDate "2017.10.08"]
[EventType "team-tourn"]
[EventRounds "11"]
[EventCountry "SVK"]
[SourceTitle "EXT 2019"]
[Source "ChessBase"]
[SourceDate "2018.10.10"]
[SourceVersion "1"]
[SourceVersionDate "2018.10.10"]
[SourceQuality "1"]
[WhiteTeam "Bojnice"]
[BlackTeam "Prievidza II"]
[WhiteTeamCountry "SVK"]
[BlackTeamCountry "SVK"]

1. e4 d6 2. d4 g6 3. f4 Bg7 4. Nf3 c6 5. Nc3 b5 6. e5 d5 7. Bd3 Nh6 8. 0-0 0-0 9. h3 f5 10. Be3 a5 11. Ne2 Nf7 12. a3 Qc7 13. b4 Nd8 14. Qe1 axb4 15. axb4 Rxa1 16. Qxa1 Nd7 17. Qa2 Ne6 18. Ra1 Bb7 19. c3 Qb6 20. Bf2 Ra8 21. Qb2 Rxa1+ 22. Qxa1 1/2-1/2

[Event "SVK-chT3B2 1718"]
[Site "Slovakia"]
[Date "2017.10.22"]
[Round "2.1"]
[White "Marko, Anton"]
[Black "Gaspar, Michal"]
[Result "1-0"]
[WhiteElo "2057"]
[BlackElo "1902"]
[PlyCount "42"]
[EventDate "2017.10.08"]
[EventType "team-tourn"]
[EventRounds "11"]
[EventCountry "SVK"]
[SourceTitle "EXT 2019"]
[Source "ChessBase"]
[SourceDate "2018.10.10"]
[SourceVersion "1"]
[SourceVersionDate "2018.10.10"]
[SourceQuality "1"]
[WhiteTeam "Chynorany"]
[BlackTeam "Bojnice"]
[WhiteTeamCountry "SVK"]
[BlackTeamCountry "SVK"]

1. c4 Nf6 2. Nc3 d5 3. cxd5 Nxd5 4. d4 e6 5. e4 Nxc3 6. bxc3 Be7 7. Nf3 0-0 8. Bd3 Nd7 9. 0-0 b6 10. Qe2 Bb7 11. Rd1 Qc8 12. Bf4 h6 13. a4 a5 14. h4 c5 15. Qe3 h5 16. Ng5 Bxg5 17. Bxg5 c4 18. Bb1 f6 19. Bf4 Qc6 20. d5 Qc5 21. dxe6 Ne5 1-0

[Event "SVK-chT3B2 1617"]
[Site "Slovakia"]
[Date "2017.03.05"]
[Round "9.2"]
[White "Gaspar, Michal"]
[Black "Kothaj, Peter"]
[Result "1/2-1/2"]
[WhiteElo "1922"]
[BlackElo "1795"]
[PlyCount "28"]
[EventDate "2016.10.16"]
[EventType "team-tourn"]
[EventRounds "11"]
[EventCountry "SVK"]
[SourceTitle "EXT 2020"]
[Source "ChessBase"]
[SourceDate "2019.10.17"]
[SourceVersion "1"]
[SourceVersionDate "2019.10.17"]
[SourceQuality "1"]
[WhiteTeam "Bojnice"]
[BlackTeam "Handlova"]
[WhiteTeamCountry "SVK"]
[BlackTeamCountry "SVK"]

1. e4 e5 2. Nf3 Nc6 3. Bb5 a6 4. Ba4 Nf6 5. 0-0 Bc5 6. d3 b5 7. Bb3 0-0 8. Bg5 Be7 9. c3 d6 10. Nbd2 Na5 11. Bc2 c5 12. a4 Bd7 13. axb5 axb5 14. Re1 Qc7 1/2-1/2

[Event "SVK-chT2B 1516"]
[Site "Slovakia"]
[Date "2015.12.06"]
[Round "6.3"]
[White "Gaspar, Michal"]
[Black "Gombar, Peter"]
[Result "1/2-1/2"]
[WhiteElo "1860"]
[BlackElo "1996"]
[PlyCount "47"]
[EventDate "2015.10.17"]
[EventType "team-tourn"]
[EventRounds "11"]
[EventCountry "SVK"]
[SourceTitle "EXT 2019"]
[Source "ChessBase"]
[SourceDate "2018.10.10"]
[SourceVersion "1"]
[SourceVersionDate "2018.10.10"]
[SourceQuality "1"]
[WhiteTeam "Bojnice SK PRM"]
[BlackTeam "Povazska Bystrica SKS II"]
[WhiteTeamCountry "SVK"]
[BlackTeamCountry "SVK"]

1. e4 e6 2. d4 d5 3. Nd2 Nf6 4. e5 Nfd7 5. f4 c5 6. Ndf3 cxd4 7. Nxd4 Nc6 8. Ngf3 Bc5 9. c3 0-0 10. Bd3 Nxd4 11. cxd4 Bb4+ 12. Bd2 Bxd2+ 13. Qxd2 Nb6 14. Rc1 Bd7 15. 0-0 Rc8 16. Rxc8 Nxc8 17. Rc1 Ne7 18. Qb4 Bc6 19. Qc5 a6 20. g3 Qd7 21. Kf2 Rc8 22. Qd6 Ba4 23. Rxc8+ Nxc8 24. Qxd7 1/2-1/2